Tecnología de materiales eléctricos y electrónicos : Resistores / J. de Bladó Resistores / J. de Bladó
Publicado:
Barcelona :
Escuela Universitaria de Ingenieria Técnica Industrial. Departamentos de Electrónica y Electrotécnia, [198 - ?]
Descripción Física:
253 p. : il. ; 30 cm
Materias:
Electrònica
MARC
| LEADER | 00000nam a2200000Ia 4500 | ||
|---|---|---|---|
| 001 | 1954 | ||
| 008 | 160829s9999 xx 000 0 cat d | ||
| 080 | |a C-1-532 | ||
| 100 | |a Bladó, J. de |9 21074 | ||
| 245 | |a Tecnología de materiales eléctricos y electrónicos : |b Resistores / J. de Bladó | ||
| 260 | |a Barcelona : |b Escuela Universitaria de Ingenieria Técnica Industrial. Departamentos de Electrónica y Electrotécnia, [198 - ?] | ||
| 300 | |a 253 p. : |b il. ; |c 30 cm | ||
| 650 | |a Electrònica |9 21075 | ||
| 710 | |a Escola Universitària d'Enginyeria Tècnica Industrial de Barcelona. |b Departament d'Electrònica |9 70051 | ||
| 710 | |a Escola Universitària d'Enginyeria Tècnica Industrial de Barcelona. |b Departament d'Electrotècnia |9 70052 | ||
| 901 | |a Arxiu | ||
| 942 | |n 1 | ||
| 952 | |0 0 |1 0 |4 0 |6 C1532 |7 1 |9 43885 |a Arxiu |b Arxiu |d 2016-12-01 |l 0 |o C-1-532 |p 1954 |r 2016-12-01 00:00:00 |w 2016-12-01 |y ARXIU | ||
| 999 | |c 46465 |d 46465 | ||